00543nam a22001217a 450000500170000000800410001710000250005824501890008326000090027230000290028150000870031050000240039720171010095508.0110706t xxu||||| |||| 00| 0 eng d aAntonio, Clarita I.  aThe Nutrition program of the applied nutrition program pilot schools in the Division of Ilocos Norte: its effect on the knowledge, food preferences and food and eating habits of pupils c1986 axii, 130 leaves c28 cm. aThesis (M.A.Ed.- Adm & Supervision) -- Mariano Marcos State University, Laoag City aBibliography: 89-91